00367nam a2200145Ia 4500008004100000020001500041041001200056082001600068100002000084245004100104260003500145300000800180650001500188700001800203221030s9999 xx 000 0 und d a8178084554 aEnglish a105.23bArn aJ. R. T. Arnold 0aIntroduction to Materials Management bPearson EducaitonaDelhic2001 a466 aManagement aS. N. Chapman